Lanceurs spatiaux et fusées - Statistiques

Statistiques générales
  • Ce quiz a été pris 11 fois
  • Le résultat moyen est 9 sur 20
Statistiques - réponses
Origine du Constructeur Réponse % Correct
Europe Ariane
100%
Russie Soyouz
89%
États-Unis Falcon
78%
Japon Mu
78%
États-Unis SLS
78%
Chine Longue Marche
67%
États-Unis Atlas
56%
Russie Proton
56%
États-Unis Titan
56%
Europe Véga
56%
États-Unis Delta
44%
Nouvelle-Zélande Electron
44%
États-Unis Navette spatiale
44%
Russie Angara
22%
Japon H
22%
États-Unis Minautor
22%
États-Unis Antares
0%
États-Unis Pegasus
0%
Inde PSVL
0%
États-Unis Taurus
0%
Aucun quiz correspondant
Distribution des résultats
% des personnes avec chaque résultat
Percentile par nombre de réponses
Votre historique - résultats
Vous n’avez pas pris ce quiz